| 000 | 00555nam a22001937a 4500 | ||
|---|---|---|---|
| 005 | 20260529113853.0 | ||
| 010 | _aENG-148039 | ||
| 020 |
_a9788184620306 _c200.00 |
||
| 035 | _aEN-132171 | ||
| 037 | _bDBAD | ||
| 082 |
_aS _21 |
||
| 100 |
_aJaveri, Khorshed R. _989230 |
||
| 245 |
_aThrough the Corridors of Justice and Other Stories/ _cKhorshed R. Javeri |
||
| 250 | _a1 | ||
| 260 |
_aMumbai _bImprint _c2010 |
||
| 270 |
_aIndustry Manor, Appasaheb Marathe Marg, Prabhadevi _bMumbai _e400025 |
||
| 300 |
_a96p. _c21cm(pb) |
||
| 942 |
_2ddc _cEN _hS _mJAV |
||
| 999 |
_c216393 _d216393 |
||